A Book on C (Record no. 31)
[ view plain ]
| 000 -LEADER | |
|---|---|
| fixed length control field | 00400nam a2200181Ia 4500 |
| 008 - FIXED-LENGTH DATA ELEMENTS--GENERAL INFORMATION | |
| fixed length control field | 230524s9999 xx 000 0 und d |
| 020 ## - INTERNATIONAL STANDARD BOOK NUMBER | |
| ISBN | 8178081334 |
| 082 ## - DEWEY DECIMAL CLASSIFICATION NUMBER | |
| Classification number | 4.12 |
| Item number | KEL |
| 100 ## - MAIN ENTRY--AUTHOR NAME | |
| Personal name | Al Kelley |
| 245 #2 - TITLE STATEMENT | |
| Title | A Book on C |
| 250 ## - EDITION STATEMENT | |
| Edition statement | 4TH |
| 260 ## - PUBLICATION, DISTRIBUTION, ETC. (IMPRINT) | |
| Place of publication | NEW DELHI |
| Name of publisher | Pearson |
| Year of publication | 2001 |
| 300 ## - PHYSICAL DESCRIPTION | |
| Number of Pages | XVI;726 |
| 500 ## - GENERAL NOTE | |
| General note | Quantity Number: 5 |
| 650 ## - SUBJECT ADDED ENTRY--TOPICAL TERM | |
| Topical Term | Comp-Sc |
| 700 ## - ADDED ENTRY--PERSONAL NAME | |
| Personal name | Ira Pohl |
| 942 ## - ADDED ENTRY ELEMENTS (KOHA) | |
| Koha item type | Books |
| Lost status | Damaged status | Permanent Location | Current Location | Shelving location | Date acquired | Full call number | Accession Number | Koha item type |
|---|---|---|---|---|---|---|---|---|
| Central Library, Trident Academy of Technology | Central Library, Trident Academy of Technology | General Stacks | 05/24/2023 | 4.12 KEL | 1738 | Books | ||
| Central Library, Trident Academy of Technology | Central Library, Trident Academy of Technology | General Stacks | 05/24/2023 | 4.12 KEL | 3679 | Books | ||
| Central Library, Trident Academy of Technology | Central Library, Trident Academy of Technology | General Stacks | 05/24/2023 | 4.12 KEL | 3680 | Books | ||
| Central Library, Trident Academy of Technology | Central Library, Trident Academy of Technology | General Stacks | 05/24/2023 | 4.12 KEL | 3681 | Books | ||
| Central Library, Trident Academy of Technology | Central Library, Trident Academy of Technology | General Stacks | 05/24/2023 | 4.12 KEL | 3682 | Books |
